[Event "Capital"]
[Site "?"]
[Date "2015.09.13"]
[Round "6.8"]
[White "Vahidi, Mohammad"]
[Black "Khademi, Mohammad Miran"]
[Result "0-1"]
[BlackElo "2235"]
[WhiteElo "2131"]
[LiveChessVersion "1.4.6"]

1. d4 {[%clk 1:30:57]} d6 {[%clk 1:16:55]} 2. e4 {[%clk 1:30:42]} Nd7
{[%clk 1:17:15]} 3. Nf3 {[%clk 1:30:33]} g6 {[%clk 1:17:33]} 4. Bc4
{[%clk 1:29:42]} c6 {[%clk 1:17:36]} 5. a4 {[%clk 1:29:57]} Ngf6 {[%clk 1:17:00]}
6. Nc3 {[%clk 1:30:04]} Qc7 {[%clk 1:16:36]} 7. O-O {[%clk 1:26:56]} Bg7
{[%clk 1:16:25]} 8. Re1 {[%clk 1:24:23]} e5 {[%clk 1:16:43]} 9. dxe5
{[%clk 1:24:26]} dxe5 {[%clk 1:17:04]} 10. h3 {[%clk 1:24:27]} O-O
{[%clk 1:17:22]} 11. Be3 {[%clk 1:21:16]} Rd8 {[%clk 1:01:06]} 12. Ng5
{[%clk 1:13:38]} Rf8 {[%clk 1:01:16]} 13. Qd2 {[%clk 1:10:23]} Nb6
{[%clk 0:59:23]} 14. Bb3 {[%clk 1:08:54]} h6 {[%clk 0:59:39]} 15. a5
{[%clk 1:06:36]} Nbd7 {[%clk 0:54:12]} 16. Nf3 {[%clk 1:04:27]} g5
{[%clk 0:53:11]} 17. Nh2 {[%clk 0:55:30]} Nh7 {[%clk 0:41:58]} 18. h4
{[%clk 0:54:12]} gxh4 {[%clk 0:42:20]} 19. Bxh6 {[%clk 0:53:56]} Nc5
{[%clk 0:42:40]} 20. Bc4 {[%clk 0:52:16]} Be6 {[%clk 0:41:23]} 21. Bxe6
{[%clk 0:50:57]} Nxe6 {[%clk 0:41:34]} 22. Bxg7 {[%clk 0:48:30]} Kxg7
{[%clk 0:41:38]} 23. Ng4 {[%clk 0:48:38]} Nhg5 {[%clk 0:40:23]} 24. Ne3
{[%clk 0:48:32]} h3 {[%clk 0:39:33]} 25. Nf5+ {[%clk 0:48:43]} Kf6
{[%clk 0:39:57]} 26. Re3 {[%clk 0:45:38]} hxg2 {[%clk 0:37:19]} 27. Ne2
{[%clk 0:40:05]} Rh8 {[%clk 0:35:23]} 28. Kxg2 {[%clk 0:35:33]} Nf4+
{[%clk 0:32:41]} 29. Nxf4 {[%clk 0:32:35]} exf4 {[%clk 0:33:04]} 30. Qd4+
{[%clk 0:27:24]} Qe5 {[%clk 0:33:25]} 31. Qxe5+ {[%clk 0:25:49]} Kxe5
{[%clk 0:33:49]} 32. Ree1 {[%clk 0:25:20]} f3+ {[%clk 0:21:20]} 33. Kg1
{[%clk 0:24:33]} Rh7 {[%clk 0:18:59]} 34. Ng3 {[%clk 0:23:26]} Rah8
{[%clk 0:19:22]} 35. Ra3 {[%clk 0:21:41]} Rh2 {[%clk 0:18:30]} 36. Ree3
{[%clk 0:20:28]} Kf4 {[%clk 0:12:23]} 37. e5 {[%clk 0:19:18]} Rg2+
{[%clk 0:12:48]} 38. Kf1 {[%clk 0:19:13]} Rxf2+ {[%clk 0:13:13]} 39. Kxf2
{[%clk 0:19:03]} Rh2+ {[%clk 0:13:38]} 40. Ke1 {[%clk 0:16:36]} Kxg3
{[%clk 0:14:02]} 41. e6 {[%clk 0:13:59]} fxe6 {[%clk 0:12:45]} 42. Re5
{[%clk 0:12:28]} Rh5 {[%clk 0:08:55]} 43. Ra4 {[%clk 0:11:10]} Rh1+
{[%clk 0:07:17]} 44. Kd2 {[%clk 0:11:06]} Nh3 {[%clk 0:07:35]} 45. Rxe6
{[%clk 0:10:23]} f2 {[%clk 0:07:44]} 46. Re3+ {[%clk 0:09:03]} Kh2
{[%clk 0:08:04]} 47. Re2 {[%clk 0:08:44]} Kg2 {[%clk 0:05:39]} 48. Rb4
{[%clk 0:04:02]} Ng5 {[%clk 0:05:00]} 49. Rf4 {[%clk 0:01:21]} Nh3
{[%clk 0:03:42]} 50. Rf7 {[%clk 0:00:55]} Kg3 {[%clk 0:02:25]} 51. Re3+
{[%clk 0:00:47]} Kg2 {[%clk 0:01:46]} 52. Re2 {[%clk 0:01:16]} Ra1
{[%clk 0:02:08]} 53. Rxb7 {[%clk 0:00:46]} Rxa5 {[%clk 0:01:59]} 54. Rg7+
{[%clk 0:00:48]} Ng5 {[%clk 0:02:11]} 55. b4 {[%clk 0:00:00]} 0-1

[Event "Capital"]
[Site "?"]
[Date "2015.09.13"]
[Round "6.9"]
[White "Razaghi, Behrooz"]
[Black "Jafari, Golnaz"]
[Result "1-0"]
[BlackElo "1898"]
[WhiteElo "2221"]
[LiveChessVersion "1.4.6"]

1. e4 {[%clk 1:30:57]} e6 {[%clk 1:30:55]} 2. d4 {[%clk 1:31:17]} d5
{[%clk 1:31:20]} 3. Nc3 {[%clk 1:31:39]} Bb4 {[%clk 1:31:43]} 4. e5
{[%clk 1:32:02]} c5 {[%clk 1:32:06]} 5. a3 {[%clk 1:32:24]} Bxc3+
{[%clk 1:32:30]} 6. bxc3 {[%clk 1:32:48]} Qc7 {[%clk 1:32:54]} 7. Qg4
{[%clk 1:32:35]} f5 {[%clk 1:33:17]} 8. Qh5+ {[%clk 1:30:05]} g6 {[%clk 1:33:30]}
9. Qd1 {[%clk 1:30:23]} b6 {[%clk 1:33:40]} 10. Bb5+ {[%clk 1:24:12]} Bd7
{[%clk 1:33:47]} 11. Bd3 {[%clk 1:21:35]} Ba4 {[%clk 1:32:57]} 12. h4
{[%clk 1:17:17]} cxd4 {[%clk 1:30:54]} 13. cxd4 {[%clk 1:17:02]} Qc3+
{[%clk 1:31:13]} 14. Bd2 {[%clk 1:16:01]} Qxd3 {[%clk 1:31:30]} 15. cxd3
{[%clk 1:16:15]} Bxd1 {[%clk 1:31:55]} 16. Kxd1 {[%clk 1:15:31]} h6
{[%clk 1:29:42]} 17. Rc1 {[%clk 1:15:03]} Kd7 {[%clk 1:29:47]} 18. Ne2
{[%clk 1:14:18]} Nc6 {[%clk 1:29:35]} 19. Kc2 {[%clk 1:07:20]} Nge7
{[%clk 1:16:57]} 20. Kb2 {[%clk 1:07:15]} Raf8 {[%clk 1:14:43]} 21. g3
{[%clk 1:05:27]} f4 {[%clk 1:13:28]} 22. gxf4 {[%clk 0:50:46]} Nf5
{[%clk 1:13:53]} 23. Bc3 {[%clk 0:47:52]} h5 {[%clk 1:13:25]} 24. Kc2
{[%clk 0:46:11]} Rb8 {[%clk 1:08:00]} 25. Kd2 {[%clk 0:44:45]} a5
{[%clk 1:07:16]} 26. a4 {[%clk 0:37:01]} b5 {[%clk 1:07:42]} 27. axb5
{[%clk 0:37:05]} Rxb5 {[%clk 1:08:11]} 28. Ra1 {[%clk 0:37:23]} Rhb8
{[%clk 1:00:35]} 29. Kc2 {[%clk 0:34:30]} Rc8 {[%clk 0:59:04]} 30. Ra4
{[%clk 0:33:56]} Ncxd4+ {[%clk 0:58:01]} 31. Nxd4 {[%clk 0:32:47]} Nxd4+
{[%clk 0:58:29]} 32. Rxd4 {[%clk 0:32:59]} Rbc5 {[%clk 0:58:52]} 33. Ra4
{[%clk 0:31:14]} Rxc3+ {[%clk 0:58:59]} 34. Kd2 {[%clk 0:31:34]} R3c5
{[%clk 0:43:12]} 35. Rg1 {[%clk 0:26:48]} Rg8 {[%clk 0:43:28]} 36. Ke3
{[%clk 0:26:06]} Kc7 {[%clk 0:41:31]} 37. f5 {[%clk 0:17:18]} exf5
{[%clk 0:40:39]} 38. Kf4 {[%clk 0:17:36]} Kd7 {[%clk 0:35:42]} 39. Rb1
{[%clk 0:13:45]} Rgc8 {[%clk 0:34:48]} 40. Kg5 {[%clk 0:13:40]} R8c6
{[%clk 0:27:22]} 41. Rb7+ {[%clk 0:13:33]} Ke6 {[%clk 0:27:33]} 42. Rg7
{[%clk 0:13:38]} d4 {[%clk 0:24:09]} 43. f4 {[%clk 0:13:01]} Rc8 {[%clk 0:20:33]}
44. Rxd4 {[%clk 0:12:39]} R5c6 {[%clk 0:20:13]} 45. Rxg6+ {[%clk 0:11:19]} Ke7
{[%clk 0:20:28]} 46. Rxc6 {[%clk 0:11:41]} Rxc6 {[%clk 0:20:57]} 47. Kxf5
{[%clk 0:12:01]} Rc3 {[%clk 0:20:55]} 48. Ra4 {[%clk 0:11:10]} Rxd3
{[%clk 0:20:58]} 49. Rxa5 {[%clk 0:11:31]} Rg3 {[%clk 0:20:33]} 50. Ra7+
{[%clk 0:11:52]} Kd8 {[%clk 0:20:51]} 51. Rh7 1-0

[Event "Capital"]
[Site "?"]
[Date "2015.09.14"]
[Round "7.1"]
[White "Noroozi, Omid"]
[Black "Ghaem Maghami, Ehsan"]
[Result "0-1"]
[BlackElo "2596"]
[WhiteElo "2375"]
[LiveChessVersion "1.4.6"]

1. Nf3 {[%clk 1:30:30]} d5 {[%clk 1:22:42]} 2. c4 {[%clk 1:30:54]} d4
{[%clk 1:22:40]} 3. g3 {[%clk 1:19:32]} Nc6 {[%clk 1:17:57]} 4. Bg2
{[%clk 1:15:20]} e5 {[%clk 1:17:52]} 5. O-O {[%clk 1:13:55]} Nf6 {[%clk 1:13:02]}
6. e3 {[%clk 1:11:19]} Bg4 {[%clk 1:08:03]} 7. d3 {[%clk 0:43:05]} Bc5
{[%clk 1:03:07]} 8. exd4 {[%clk 0:23:42]} Nxd4 {[%clk 0:59:35]} 9. Re1
{[%clk 0:21:35]} O-O {[%clk 0:52:42]} 10. Rxe5 {[%clk 0:13:07]} Nd7
{[%clk 0:33:22]} 11. Re4 {[%clk 0:09:11]} f5 {[%clk 0:32:44]} 12. Re1
{[%clk 0:08:28]} Re8 {[%clk 0:31:19]} 13. Rxe8+ {[%clk 0:01:03]} Qxe8
{[%clk 0:31:03]} 14. Be3 {[%clk 0:01:27]} Nxf3+ {[%clk 0:27:51]} 15. Bxf3
{[%clk 0:01:55]} Bxe3 {[%clk 0:28:09]} 16. fxe3 {[%clk 0:02:02]} Qxe3+
{[%clk 0:28:22]} 17. Kg2 {[%clk 0:02:31]} Ne5 {[%clk 0:24:23]} 18. Bxg4
{[%clk 0:02:56]} Nxg4 {[%clk 0:24:29]} 19. Qd2 {[%clk 0:00:56]} Rd8
{[%clk 0:19:33]} 20. h3 {[%clk 0:00:40]} Rxd3 0-1

[Event "Capital"]
[Site "?"]
[Date "2015.09.14"]
[Round "7.2"]
[White "Mosadeghpour, Masoud"]
[Black "Razaghi, Behrooz"]
[Result "1-0"]
[BlackElo "2221"]
[WhiteElo "2416"]
[LiveChessVersion "1.4.6"]

1. e4 {[%clk 1:30:16]} e5 {[%clk 1:30:47]} 2. Nf3 {[%clk 1:30:37]} Nc6
{[%clk 1:31:10]} 3. Bc4 {[%clk 1:31:01]} Bc5 {[%clk 1:31:23]} 4. b4
{[%clk 1:31:23]} Bxb4 {[%clk 1:30:49]} 5. c3 {[%clk 1:31:47]} Ba5
{[%clk 1:30:34]} 6. d4 {[%clk 1:32:11]} d6 {[%clk 1:29:46]} 7. Qb3
{[%clk 1:31:16]} Qd7 {[%clk 1:29:07]} 8. dxe5 {[%clk 1:31:39]} Bb6
{[%clk 1:27:33]} 9. Nbd2 {[%clk 1:30:19]} Na5 {[%clk 1:21:06]} 10. Qc2
{[%clk 1:24:13]} Nxc4 {[%clk 1:17:54]} 11. Nxc4 {[%clk 1:24:41]} d5
{[%clk 1:15:12]} 12. Nxb6 {[%clk 1:18:15]} axb6 {[%clk 1:15:08]} 13. O-O
{[%clk 1:17:28]} dxe4 {[%clk 1:13:12]} 14. Qxe4 {[%clk 1:15:22]} Ne7
{[%clk 1:07:27]} 15. Bg5 {[%clk 1:12:46]} O-O {[%clk 1:02:21]} 16. Rfd1
{[%clk 1:06:43]} Qc6 {[%clk 0:58:13]} 17. Qe3 {[%clk 0:51:33]} Ng6
{[%clk 0:56:06]} 18. h4 {[%clk 0:39:36]} h5 {[%clk 0:52:31]} 19. Nd4
{[%clk 0:11:22]} Qc5 {[%clk 0:49:26]} 20. Re1 {[%clk 0:08:37]} Re8
{[%clk 0:47:42]} 21. Qg3 {[%clk 0:05:00]} Be6 {[%clk 0:39:02]} 22. a4
{[%clk 0:03:10]} Qc4 {[%clk 0:27:11]} 23. Qf3 {[%clk 0:01:52]} Ra5
{[%clk 0:07:15]} 24. Nb5 {[%clk 0:01:24]} Bd7 {[%clk 0:06:27]} 25. Re4
{[%clk 0:00:45]} Qc5 {[%clk 0:05:45]} 26. Be3 {[%clk 0:00:39]} Qe7
{[%clk 0:02:03]} 27. Bg5 {[%clk 0:00:50]} Qc5 {[%clk 0:01:48]} 28. Be3
{[%clk 0:01:16]} Qc6 {[%clk 0:01:48]} 29. Nd4 {[%clk 0:01:42]} Nxe5
{[%clk 0:01:10]} 30. Rxe5 {[%clk 0:01:50]} Qxc3 {[%clk 0:00:54]} 31. Rxe8+
{[%clk 0:02:02]} Bxe8 {[%clk 0:01:23]} 32. Rc1 {[%clk 0:02:31]} 1-0

[Event "Capital"]
[Site "?"]
[Date "2015.09.14"]
[Round "7.3"]
[White "Nasri, Amin"]
[Black "Moradi, Amirmasoud"]
[Result "1/2-1/2"]
[BlackElo "2159"]
[WhiteElo "2307"]
[LiveChessVersion "1.4.6"]

1. d4 {[%clk 1:30:58]} Nf6 {[%clk 1:30:09]} 2. g3 {[%clk 1:31:22]} e6
{[%clk 1:27:56]} 3. Bg2 {[%clk 1:31:45]} d5 {[%clk 1:26:51]} 4. Nf3
{[%clk 1:32:07]} Be7 {[%clk 1:26:48]} 5. O-O {[%clk 1:32:27]} O-O
{[%clk 1:27:14]} 6. c4 {[%clk 1:32:53]} dxc4 {[%clk 1:27:11]} 7. Qc2
{[%clk 1:30:59]} a6 {[%clk 1:27:24]} 8. a4 {[%clk 1:31:22]} Bd7 {[%clk 1:27:47]}
9. Ne5 {[%clk 1:31:33]} Bc6 {[%clk 1:11:10]} 10. Nxc6 {[%clk 1:31:37]} Nxc6
{[%clk 1:11:34]} 11. e3 {[%clk 1:32:01]} Na5 {[%clk 1:04:33]} 12. Nd2
{[%clk 1:31:47]} c5 {[%clk 1:01:31]} 13. dxc5 {[%clk 1:31:49]} Bxc5
{[%clk 0:46:50]} 14. Nxc4 {[%clk 1:31:44]} Nxc4 {[%clk 0:40:56]} 15. Qxc4
{[%clk 1:31:23]} Qe7 {[%clk 0:41:26]} 16. a5 {[%clk 1:25:18]} Rfd8
{[%clk 0:35:51]} 17. Ra4 {[%clk 1:21:52]} Rac8 {[%clk 0:33:02]} 18. Qb3
{[%clk 1:17:15]} Rd7 {[%clk 0:30:52]} 19. Rc4 {[%clk 1:05:09]} h6
{[%clk 0:31:20]} 20. Qa4 {[%clk 0:50:32]} Rdc7 {[%clk 0:28:56]} 21. Bd2
{[%clk 0:48:27]} Nd7 {[%clk 0:24:39]} 22. Qb3 {[%clk 0:43:42]} Ne5
{[%clk 0:16:25]} 23. Re4 {[%clk 0:39:34]} Bd6 {[%clk 0:14:33]} 24. Bc3
{[%clk 0:37:26]} Nd7 {[%clk 0:14:09]} 25. Qd1 {[%clk 0:33:11]} Nc5
{[%clk 0:09:41]} 26. Rg4 {[%clk 0:32:48]} e5 {[%clk 0:08:17]} 27. Bd5
{[%clk 0:32:29]} Nd7 {[%clk 0:06:15]} 28. Ra4 {[%clk 0:21:20]} Nf6
{[%clk 0:06:13]} 29. Bg2 {[%clk 0:21:38]} Rd8 {[%clk 0:03:16]} 30. Qb3
{[%clk 0:21:16]} Bc5 {[%clk 0:02:52]} 31. Rd1 {[%clk 0:18:00]} Rxd1+
{[%clk 0:02:10]} 32. Qxd1 {[%clk 0:18:29]} Qd7 {[%clk 0:02:39]} 33. Qb3
{[%clk 0:17:24]} Qb5 {[%clk 0:03:08]} 34. Qc4 {[%clk 0:12:10]} Bd6
{[%clk 0:02:16]} 35. Qh4 {[%clk 0:12:30]} Be7 {[%clk 0:00:57]} 36. Bf1
{[%clk 0:10:51]} Qb3 {[%clk 0:01:23]} 37. Bxe5 {[%clk 0:08:25]} Rc1
{[%clk 0:00:59]} 38. Rc4 {[%clk 0:07:30]} Rxf1+ {[%clk 0:00:52]} 39. Kxf1
{[%clk 0:07:51]} Qd1+ {[%clk 0:01:21]} 40. Kg2 {[%clk 0:08:10]} Qd5+
{[%clk 0:01:04]} 41. Kf1 {[%clk 0:07:36]} Qd1+ {[%clk 0:01:15]} 42. Kg2
{[%clk 0:08:00]} Qd5+ {[%clk 0:01:14]} 43. Kf1 {[%clk 0:08:09]} 1/2-1/2

[Event "Capital"]
[Site "?"]
[Date "2015.09.14"]
[Round "7.4"]
[White "Khademi, Mohammad Miran"]
[Black "Fendereski, Nima"]
[Result "1-0"]
[BlackElo "2242"]
[WhiteElo "2235"]
[LiveChessVersion "1.4.6"]

1. e4 {[%clk 1:18:28]} c5 {[%clk 1:30:52]} 2. c3 {[%clk 1:18:51]} g6
{[%clk 1:30:14]} 3. d4 {[%clk 1:19:12]} cxd4 {[%clk 1:30:35]} 4. cxd4
{[%clk 1:19:34]} d5 {[%clk 1:30:06]} 5. e5 {[%clk 1:19:58]} Bg7 {[%clk 1:30:06]}
6. Bf4 {[%clk 1:19:47]} Nc6 {[%clk 1:28:08]} 7. Nc3 {[%clk 1:20:07]} f6
{[%clk 1:12:29]} 8. Nf3 {[%clk 1:13:28]} Bg4 {[%clk 1:05:32]} 9. Be2
{[%clk 1:12:11]} Bxf3 {[%clk 1:01:36]} 10. Bxf3 {[%clk 1:12:16]} fxe5
{[%clk 1:01:24]} 11. dxe5 {[%clk 1:12:34]} e6 {[%clk 1:01:46]} 12. Bg4
{[%clk 1:08:01]} Qe7 {[%clk 0:54:35]} 13. Qd2 {[%clk 0:39:11]} Nxe5
{[%clk 0:33:20]} 14. Be2 {[%clk 0:35:17]} Nc6 {[%clk 0:26:03]} 15. h4
{[%clk 0:29:01]} Nf6 {[%clk 0:22:20]} 16. h5 {[%clk 0:29:24]} d4 {[%clk 0:09:15]}
17. Nb5 {[%clk 0:29:00]} e5 {[%clk 0:09:27]} 18. h6 {[%clk 0:29:21]} Bf8
{[%clk 0:08:21]} 19. Bg5 {[%clk 0:29:42]} O-O-O {[%clk 0:08:00]} 20. Bf3
{[%clk 0:29:42]} a6 {[%clk 0:04:38]} 21. Rc1 {[%clk 0:29:25]} axb5
{[%clk 0:03:40]} 22. Bxc6 {[%clk 0:29:48]} Kb8 {[%clk 0:03:58]} 23. Bxb5
{[%clk 0:29:01]} Qd6 {[%clk 0:04:05]} 24. Qa5 {[%clk 0:27:54]} Be7
{[%clk 0:03:37]} 25. Rh3 {[%clk 0:27:31]} Rc8 {[%clk 0:03:30]} 26. Bd3
{[%clk 0:18:39]} Rxc1+ {[%clk 0:02:58]} 27. Bxc1 {[%clk 0:19:07]} Rc8
{[%clk 0:03:12]} 28. Bd2 {[%clk 0:19:31]} Nd5 {[%clk 0:02:43]} 29. Be4
{[%clk 0:19:48]} Rc5 {[%clk 0:02:35]} 30. Qa4 {[%clk 0:20:09]} Nb6
{[%clk 0:02:01]} 31. Qb3 {[%clk 0:20:14]} Qc7 {[%clk 0:01:24]} 32. Qg8+
{[%clk 0:19:20]} Nc8 {[%clk 0:01:18]} 33. Rb3 {[%clk 0:19:39]} b6
{[%clk 0:00:51]} 34. Kd1 {[%clk 0:18:59]} Bd8 {[%clk 0:01:01]} 35. Ra3
{[%clk 0:18:50]} Na7 {[%clk 0:01:29]} 36. b4 {[%clk 0:19:03]} Rc6
{[%clk 0:00:58]} 37. Rxa7 {[%clk 0:19:04]} Kxa7 {[%clk 0:00:55]} 38. Qd5
{[%clk 0:19:12]} 1-0

[Event "Capital"]
[Site "?"]
[Date "2015.09.14"]
[Round "7.5"]
[White "Shafaee, H."]
[Black "Sedaghati, Mehrdad"]
[Result "0-1"]
[BlackElo "2238"]
[WhiteElo "2025"]
[LiveChessVersion "1.4.6"]

1. Nf3 c5 2. c4 Nc6 3. d4 cxd4 4. Nxd4 Nf6 5. Nc3 g6 6. g3 Qb6 7. Ndb5 a6 8. Be3
Qa5 9. Na3 Ng4 10. Qd2 Nxe3 11. Qxe3 Bg7 12. Bg2 Bxc3+ 13. Qxc3 Qxc3+ 14. bxc3 d6
15. Kd2 0-1

[Event "Capital"]
[Site "?"]
[Date "2015.09.14"]
[Round "7.6"]
[White "Pourghanbarzad Lashtnesha, Arm"]
[Black "Bagheri, Maziar"]
[Result "1-0"]
[BlackElo "2252"]
[WhiteElo "2184"]
[LiveChessVersion "1.4.6"]

1. e4 {[%clk 1:30:50]} c5 {[%clk 1:29:13]} 2. Nf3 {[%clk 1:31:02]} Nc6
{[%clk 1:29:36]} 3. d4 {[%clk 1:31:21]} cxd4 {[%clk 1:30:01]} 4. Nxd4
{[%clk 1:31:46]} Nf6 {[%clk 1:30:23]} 5. Nc3 {[%clk 1:32:02]} d6 {[%clk 1:30:41]}
6. Be2 {[%clk 1:32:14]} e5 {[%clk 1:31:05]} 7. Nf3 {[%clk 1:32:31]} h6
{[%clk 1:31:28]} 8. O-O {[%clk 1:32:45]} Be6 {[%clk 1:31:17]} 9. Re1
{[%clk 1:32:34]} Be7 {[%clk 1:31:29]} 10. h3 {[%clk 1:32:48]} Rc8
{[%clk 1:30:37]} 11. Bf1 {[%clk 1:32:25]} a6 {[%clk 1:27:53]} 12. Nd5
{[%clk 1:27:32]} Bxd5 {[%clk 1:27:05]} 13. exd5 {[%clk 1:27:49]} Nb8
{[%clk 1:27:24]} 14. c4 {[%clk 1:26:51]} O-O {[%clk 1:26:24]} 15. b4
{[%clk 1:23:23]} Re8 {[%clk 1:26:29]} 16. Bb2 {[%clk 1:19:39]} Bf8
{[%clk 1:24:23]} 17. Rc1 {[%clk 1:19:18]} Nbd7 {[%clk 1:24:29]} 18. Qb3
{[%clk 1:15:24]} Qb6 {[%clk 1:17:38]} 19. Bc3 {[%clk 1:05:56]} g6
{[%clk 1:06:16]} 20. Bd2 {[%clk 0:55:22]} Qc7 {[%clk 0:59:18]} 21. Be3
{[%clk 0:51:34]} b6 {[%clk 0:58:45]} 22. c5 {[%clk 0:45:37]} bxc5
{[%clk 0:58:04]} 23. Bxa6 {[%clk 0:42:22]} Rb8 {[%clk 0:58:27]} 24. Bf1
{[%clk 0:35:29]} Qd8 {[%clk 0:52:14]} 25. a3 {[%clk 0:31:08]} e4 {[%clk 0:48:51]}
26. Nd2 {[%clk 0:29:13]} Nb6 {[%clk 0:47:27]} 27. Bb5 {[%clk 0:23:15]} Nbxd5
{[%clk 0:46:26]} 28. Bxe8 {[%clk 0:23:01]} Qxe8 {[%clk 0:46:51]} 29. Qc2
{[%clk 0:19:05]} cxb4 {[%clk 0:46:41]} 30. Ba7 {[%clk 0:17:47]} Ra8
{[%clk 0:41:52]} 31. Nxe4 {[%clk 0:17:46]} Nxe4 {[%clk 0:40:10]} 32. Rxe4
{[%clk 0:18:10]} Qd7 {[%clk 0:40:35]} 33. Bd4 {[%clk 0:18:08]} bxa3
{[%clk 0:40:38]} 34. Ba1 {[%clk 0:16:24]} Bg7 {[%clk 0:40:42]} 35. Bxg7
{[%clk 0:15:18]} Kxg7 {[%clk 0:41:05]} 36. Rd4 {[%clk 0:14:29]} Ra5
{[%clk 0:37:12]} 37. Rcd1 {[%clk 0:12:47]} Rc5 {[%clk 0:33:56]} 38. Qd2
{[%clk 0:09:43]} Nc3 {[%clk 0:26:33]} 39. Rxd6 {[%clk 0:09:19]} Qf5
{[%clk 0:24:23]} 40. Re1 {[%clk 0:08:58]} Rc8 {[%clk 0:22:05]} 41. Qd4+
{[%clk 0:08:23]} Kh7 {[%clk 0:22:34]} 42. Rf6 {[%clk 0:06:42]} Ne2+
{[%clk 0:14:41]} 43. Rxe2 {[%clk 0:07:01]} Qb1+ {[%clk 0:15:10]} 44. Kh2
{[%clk 0:07:21]} Qb3 {[%clk 0:15:25]} 45. Rf3 {[%clk 0:06:54]} 1-0

[Event "Capital"]
[Site "?"]
[Date "2015.09.14"]
[Round "7.7"]
[White "Rostami, Rouzbeh"]
[Black "Mahdavirad, Mehdi"]
[Result "1/2-1/2"]
[BlackElo "2271"]
[WhiteElo "2075"]
[LiveChessVersion "1.4.6"]

1. e4 {[%clk 1:28:52]} c5 {[%clk 1:30:54]} 2. Nf3 {[%clk 1:29:16]} d6
{[%clk 1:31:22]} 3. d4 {[%clk 1:29:37]} cxd4 {[%clk 1:31:50]} 4. Nxd4
{[%clk 1:30:00]} Nf6 {[%clk 1:32:15]} 5. Nc3 {[%clk 1:30:24]} a6 {[%clk 1:32:42]}
6. Bg5 {[%clk 1:30:49]} e6 {[%clk 1:33:04]} 7. Qe2 {[%clk 1:31:09]} h6
{[%clk 1:11:53]} 8. Bh4 {[%clk 1:24:58]} Be7 {[%clk 1:07:55]} 9. O-O-O
{[%clk 1:24:28]} g5 {[%clk 1:00:57]} 10. Bg3 {[%clk 1:17:22]} Nbd7
{[%clk 1:00:44]} 11. h4 {[%clk 1:17:20]} Rg8 {[%clk 0:57:03]} 12. hxg5
{[%clk 1:13:18]} hxg5 {[%clk 0:57:25]} 13. f3 {[%clk 1:08:50]} Qa5
{[%clk 0:56:23]} 14. Be1 {[%clk 1:08:33]} Qc7 {[%clk 0:53:55]} 15. g3
{[%clk 1:08:49]} b5 {[%clk 0:51:32]} 16. a3 {[%clk 1:08:03]} Bb7 {[%clk 0:49:01]}
17. f4 {[%clk 1:02:57]} Nc5 {[%clk 0:44:04]} 18. Bg2 {[%clk 0:50:10]} gxf4
{[%clk 0:38:19]} 19. gxf4 {[%clk 0:50:23]} O-O-O {[%clk 0:36:46]} 20. Bf3
{[%clk 0:47:16]} d5 {[%clk 0:31:24]} 21. e5 {[%clk 0:47:27]} Nfe4
{[%clk 0:30:18]} 22. Rh7 {[%clk 0:47:42]} Bf8 {[%clk 0:17:13]} 23. Bxe4
{[%clk 0:45:13]} dxe4 {[%clk 0:17:40]} 24. b4 {[%clk 0:45:34]} Nd3+
{[%clk 0:16:12]} 25. cxd3 {[%clk 0:42:50]} Rxd4 {[%clk 0:16:28]} 26. Qe3
{[%clk 0:42:16]} Rxd3 {[%clk 0:13:33]} 27. Rxd3 {[%clk 0:42:33]} exd3
{[%clk 0:14:02]} 28. Qxd3 {[%clk 0:41:19]} Bd5 {[%clk 0:09:38]} 29. Kb2
{[%clk 0:41:09]} Rg2+ {[%clk 0:08:43]} 30. Bd2 {[%clk 0:35:34]} Qc4
{[%clk 0:03:19]} 31. Qxc4+ {[%clk 0:35:38]} Bxc4 {[%clk 0:02:52]} 32. Ne4
{[%clk 0:34:44]} Bd3 {[%clk 0:00:41]} 33. Rxf7 {[%clk 0:32:59]} Bxb4
{[%clk 0:00:36]} 34. axb4 {[%clk 0:32:14]} Bxe4 {[%clk 0:01:05]} 35. Kc3
{[%clk 0:32:17]} Bf5 {[%clk 0:00:38]} 36. Ra7 {[%clk 0:30:47]} Rg3+
{[%clk 0:00:47]} 37. Kb2 {[%clk 0:30:54]} Rg2 {[%clk 0:00:56]} 38. Kc3
{[%clk 0:31:02]} Rg3+ {[%clk 0:01:24]} 39. Kb2 {[%clk 0:31:21]} Rg2
{[%clk 0:00:39]} 1/2-1/2

[Event "Capital"]
[Site "?"]
[Date "2015.09.14"]
[Round "7.8"]
[White "Karimi, Mohammad"]
[Black "Khoeini, Ali"]
[Result "1-0"]
[BlackElo "2020"]
[WhiteElo "2207"]
[LiveChessVersion "1.4.6"]

1. c4 {[%clk 1:30:54]} Nf6 {[%clk 1:30:05]} 2. Nc3 {[%clk 1:31:09]} g6
{[%clk 1:29:48]} 3. g3 {[%clk 1:31:22]} Bg7 {[%clk 1:30:13]} 4. Bg2
{[%clk 1:31:41]} O-O {[%clk 1:30:18]} 5. d3 {[%clk 1:31:54]} c6 {[%clk 1:28:47]}
6. e3 {[%clk 1:29:14]} d5 {[%clk 1:27:06]} 7. cxd5 {[%clk 1:25:56]} cxd5
{[%clk 1:26:48]} 8. Nge2 {[%clk 1:22:34]} Nc6 {[%clk 1:24:24]} 9. O-O
{[%clk 1:22:46]} d4 {[%clk 1:20:11]} 10. Bxc6 {[%clk 1:13:20]} dxc3
{[%clk 1:12:50]} 11. Bg2 {[%clk 1:12:37]} Nd5 {[%clk 1:08:00]} 12. Nxc3
{[%clk 1:11:49]} Nxc3 {[%clk 1:07:01]} 13. bxc3 {[%clk 1:12:18]} Bxc3
{[%clk 1:07:07]} 14. Rb1 {[%clk 1:12:47]} Rb8 {[%clk 1:06:33]} 15. d4
{[%clk 1:12:13]} b6 {[%clk 1:01:40]} 16. Qd3 {[%clk 1:09:07]} Ba5 17. d5
{[%clk 1:05:28]} Bb7 {[%clk 0:50:48]} 18. Ba3 {[%clk 1:04:46]} Qd7
{[%clk 0:50:54]} 19. Qe4 {[%clk 0:47:25]} Rfe8 {[%clk 0:44:17]} 20. Bb2
{[%clk 0:44:00]} f6 {[%clk 0:39:30]} 21. Rfd1 {[%clk 0:41:26]} Qd6
{[%clk 0:36:33]} 22. Bh3 {[%clk 0:34:22]} Rbd8 {[%clk 0:29:35]} 23. Be6+
{[%clk 0:34:28]} Kg7 {[%clk 0:30:02]} 24. Rbc1 {[%clk 0:27:40]} Bb4
{[%clk 0:28:56]} 25. Qh4 {[%clk 0:26:02]} Ba3 {[%clk 0:22:47]} 26. Bxa3
{[%clk 0:23:29]} Qxa3 {[%clk 0:23:03]} 27. Rc7 {[%clk 0:23:42]} Bc8
{[%clk 0:21:48]} 28. Qg4 {[%clk 0:23:25]} h5 {[%clk 0:18:40]} 29. Qh3
{[%clk 0:21:03]} f5 {[%clk 0:18:11]} 30. Qf1 {[%clk 0:16:54]} Bxe6
{[%clk 0:15:20]} 31. dxe6 {[%clk 0:17:15]} Qxa2 {[%clk 0:13:33]} 32. Rxd8
{[%clk 0:15:17]} Rxd8 {[%clk 0:14:00]} 33. Rxe7+ {[%clk 0:15:30]} Kf6
{[%clk 0:14:13]} 34. Rd7 {[%clk 0:14:55]} Rxd7 {[%clk 0:09:49]} 35. exd7
{[%clk 0:15:24]} Qd5 {[%clk 0:10:17]} 36. Qa1+ {[%clk 0:15:39]} Kg5
{[%clk 0:10:09]} 37. h4+ {[%clk 0:15:36]} 1-0